[Event "4NCL Division 4 South"]
[Site "Bedford, ENG"]
[Date "2019.01.12"]
[Round "3.44"]
[White "Combie, Alex B"]
[Black "Carpenter, Raymond"]
[Result "1-0"]
[WhiteElo "2020"]
[BlackElo "1751"]
[PlyCount "69"]
[EventDate "2019.01.12"]
[WhiteTeam "Ashfield 1"]
[BlackTeam "Fischer's Catch"]

1. d4 d5 2. c4 e6 3. Nf3 c6 4. Nbd2 f5 5. g3 Nf6 6. Bg2 Be7 7. O-O O-O 8. Qc2
Ne4 9. Ne5 Nd7 10. Ndf3 Ndf6 11. Nd3 Nh5 12. Nfe5 Bg5 13. f3 Bxc1 14. Raxc1
dxc4 15. Nxc4 Nexg3 16. hxg3 Nxg3 17. Rfd1 Qh4 18. Nf2 Rf6 19. Nh1 Nxh1 20.
Bxh1 Rh6 21. Bg2 f4 22. e4 Qh2+ 23. Kf1 Rg6 24. Ne5 Rg5 25. Ng4 Qh4 26. Qf2
Rxg4 27. fxg4 Qxg4 28. d5 exd5 29. exd5 b6 30. dxc6 Ba6+ 31. Kg1 Rf8 32. Qf3 h5
33. c7 Be2 34. Qxg4 Bxg4 35. Rd8 1-0

[Event "4NCL Division 4 South"]
[Site "Bedford, ENG"]
[Date "2019.01.12"]
[Round "3.45"]
[White "Chong, Kimberly"]
[Black "Walker, Andrew N"]
[Result "1/2-1/2"]
[WhiteElo "1682"]
[BlackElo "1952"]
[PlyCount "57"]
[EventDate "2019.01.12"]
[WhiteTeam "Fischer's Catch"]
[BlackTeam "Ashfield 1"]

1. e4 e5 2. Nf3 Nc6 3. Bc4 Be7 4. O-O Nf6 5. Re1 O-O 6. c3 d6 7. h3 Na5 8. Bf1
Be6 9. d4 exd4 10. cxd4 d5 11. e5 Ne4 12. Nfd2 Nxd2 13. Nxd2 c5 14. f4 f5 15.
Nf3 c4 16. Ng5 Qd7 17. Qh5 h6 18. Nxe6 Qxe6 19. Be2 Nc6 20. Rd1 Bd8 21. Bxc4
Bb6 22. Kh1 Nxd4 23. Be3 dxc4 24. Bxd4 Rad8 25. Bxb6 Qxb6 26. Rxd8 Rxd8 27. Rd1
Rd3 28. Qe2 Qd4 29. Re1 1/2-1/2

[Event "4NCL Division 4 South"]
[Site "Bedford, ENG"]
[Date "2019.01.12"]
[Round "3.46"]
[White "Naylor, Michael A"]
[Black "Jaberansari, Daniel"]
[Result "1-0"]
[WhiteElo "1990"]
[BlackElo "1382"]
[PlyCount "107"]
[EventDate "2019.01.12"]
[WhiteTeam "Ashfield 1"]
[BlackTeam "Fischer's Catch"]

1. e4 e6 2. d4 d5 3. Nc3 Nf6 4. e5 Nfd7 5. f4 c5 6. Nf3 Nc6 7. Be3 a6 8. Qd2 b5
9. Ne2 Be7 10. c3 O-O 11. Ng3 cxd4 12. Nxd4 Nxd4 13. Bxd4 Bc5 14. Be2 Qb6 15.
Rd1 Bb7 16. Bf3 Rab8 17. Ne2 Qc7 18. O-O Nb6 19. Bxc5 Qxc5+ 20. Qd4 Qxd4+ 21.
Nxd4 Nc4 22. Rf2 Rfc8 23. Re2 Na5 24. f5 Re8 25. fxe6 fxe6 26. Bg4 Bc8 27. Rf1
Rb6 28. Bh5 Re7 29. Ref2 g6 30. Be2 Bd7 31. g4 Nc6 32. Nxc6 Bxc6 33. g5 Rb8 34.
Rf6 Bd7 35. R1f4 Kg7 36. h4 Rc8 37. Kf2 Rc6 38. Ke3 Rc7 39. Bd3 Rc6 40. a3 Rb6
41. Be2 Rc6 42. Bf1 Rc7 43. h5 Rc8 44. hxg6 hxg6 45. Bd3 Be8 46. Rh4 Rb8 47.
Rh6 Rc8 48. Bxg6 Bxg6 49. Rhxg6+ Kh7 50. Rxe6 Rce8 51. Rxe7+ Rxe7 52. Rh6+ Kg7
53. Kd4 a5 54. Kxd5 1-0

[Event "4NCL Division 4 South"]
[Site "Bedford, ENG"]
[Date "2019.01.12"]
[Round "3.51"]
[White "Jackson, Gary C"]
[Black "Ogunshola, Ben"]
[Result "0-1"]
[WhiteElo "1807"]
[BlackElo "2187"]
[PlyCount "126"]
[EventDate "2019.01.12"]
[WhiteTeam "Banbury Bulldogs"]
[BlackTeam "The Pitstop"]

1. e4 d6 2. d4 g6 3. Bc4 Nf6 4. Nd2 Bg7 5. Ngf3 O-O 6. O-O Nxe4 7. Nxe4 d5 8.
Bd3 dxe4 9. Bxe4 c6 10. c3 Nd7 11. Bg5 h6 12. Bh4 g5 13. Bg3 f5 14. Bc2 f4 15.
Bh4 gxh4 16. Nxh4 Nf6 17. Ng6 Re8 18. Qd3 Be6 19. Rae1 Bf7 20. Ne5 e6 21. g3
Qe7 22. gxf4 Nd5 23. Qg3 Qf6 24. Re4 h5 25. Kh1 Rad8 26. Rg1 Ne7 27. Re2 Nf5
28. Qg2 Re7 29. Rge1 Rf8 30. Bb3 Be8 31. Nf3 Nh4 32. Nxh4 Qxh4 33. f5 Rxf5 34.
Bxe6+ Rxe6 35. Rxe6 Bf7 36. Rg1 Qg4 37. Re4 Qxg2+ 38. Kxg2 Bd5 39. Rge1 Rf4 40.
f3 Bxe4 41. fxe4 Kf7 42. Kg3 Bh6 43. h3 Ke6 44. Kg2 Bg5 45. Re2 h4 46. b3 Be7
47. Re3 c5 48. d5+ Ke5 49. c4 Bd6 50. Re2 Rxe4 51. Rf2 Kd4 52. Rf6 Bg3 53. Rf7
Re2+ 54. Kf1 Rxa2 55. Rxb7 Ke4 56. Rf7 Ra3 57. Ke2 a5 58. Rb7 Ra2+ 59. Kf1 Kf3
60. Rf7+ Bf4 61. Ke1 Rc2 62. Rxf4+ Kxf4 63. d6 Ke3 0-1

[Event "4NCL Division 4 South"]
[Site "Bedford, ENG"]
[Date "2019.01.12"]
[Round "3.52"]
[White "Froom, Oliver"]
[Black "Martin, Nick J"]
[Result "0-1"]
[WhiteElo "1954"]
[BlackElo "1795"]
[PlyCount "102"]
[EventDate "2019.01.12"]
[WhiteTeam "The Pitstop"]
[BlackTeam "Banbury Bulldogs"]

1. e4 e6 2. d4 d5 3. e5 c5 4. c3 Qb6 5. Nf3 Nc6 6. a3 Nge7 7. b4 cxd4 8. cxd4
Nf5 9. Bb2 Be7 10. Bd3 O-O 11. O-O Bd7 12. Kh1 g6 13. Bxf5 exf5 14. Nc3 Be6 15.
Bc1 Kh8 16. Bh6 Rg8 17. h4 Qd8 18. Ng5 Rc8 19. Ne2 Qd7 20. Nf4 Bf8 21. Bxf8
Rcxf8 22. g3 h6 23. Nf3 Kh7 24. Rc1 Rc8 $11 25. Qd2 a6 26. Rc5 b6 27. Rc3 Na7
28. Rfc1 Rxc3 29. Rxc3 Nb5 30. Re3 Rc8 31. a4 Na7 32. Rc3 Qxa4 33. Rxc8 Nxc8
34. Qc3 Qd7 35. Ne1 Na7 36. Qe3 Qb5 37. Nfd3 Nc6 38. Nc2 Qc4 39. Qd2 Nxd4 40.
Ne3 Qc6 41. Ng2 Nf3 42. Qd1 d4 43. Ndf4 Bd5 44. e6 fxe6 45. Nxd5 Qxd5 46. Nf4
Qc6 47. Kg2 Nxh4+ 48. Kh3 Nf3 49. Nxe6 Qxe6 50. Qxf3 Qe4 51. Qd1 Qg4+ 0-1

[Event "4NCL Division 4 South"]
[Site "Bedford, ENG"]
[Date "2019.01.12"]
[Round "3.53"]
[White "Hibbitt, Arthur M"]
[Black "Olufemi, George"]
[Result "0-1"]
[WhiteElo "1773"]
[BlackElo "1776"]
[PlyCount "58"]
[EventDate "2019.01.12"]
[WhiteTeam "Banbury Bulldogs"]
[BlackTeam "The Pitstop"]

1. f4 e5 2. fxe5 d6 3. exd6 Bxd6 4. Nf3 g5 5. g3 g4 6. Nh4 Ne7 7. d4 Ng6 8.
Nxg6 hxg6 9. Qd3 Nc6 10. c3 Bf5 11. e4 Qe7 12. Nd2 O-O-O 13. Kd1 Be6 14. Bg2
Bc5 15. Qb5 Bb6 16. d5 Rh5 17. Qe2 Ne5 18. Nc4 Nf3 19. Nxb6+ axb6 20. Bxf3 gxf3
21. Qxf3 Rhxd5+ 22. Kc2 Re5 23. Bf4 Rxe4 24. Rad1 Bf5 25. Rxd8+ Qxd8 26. Kc1
Qd5 27. Rd1 Qxa2 28. Bg5 Qa1+ 29. Kc2 Re2+ 0-1

[Event "4NCL Division 4 South"]
[Site "Bedford, ENG"]
[Date "2019.01.12"]
[Round "3.54"]
[White "Homer, Neil S"]
[Black "Evans, Christopher J"]
[Result "1/2-1/2"]
[WhiteElo "1707"]
[BlackElo "1756"]
[PlyCount "127"]
[EventDate "2019.01.12"]
[WhiteTeam "The Pitstop"]
[BlackTeam "Banbury Bulldogs"]

1. Nf3 f5 2. d3 Nf6 3. e4 d6 4. Nc3 e5 5. exf5 Bxf5 6. Bd2 Nc6 7. Be2 d5 8. Bg5
Be7 9. Nh4 Be6 10. Qd2 Qd7 11. h3 O-O-O 12. Nf3 Bc5 13. Bh4 Rhe8 14. O-O-O Bf7
15. g4 Qe6 16. Ng5 Qe7 17. Nxf7 Qxf7 18. g5 d4 19. Nb1 Nb4 20. Rdf1 Nxa2+ 21.
Kd1 Rd6 22. gxf6 gxf6 23. Qh6 Qe7 24. Nd2 Ra6 25. Bg4+ Kb8 26. Ne4 Rf8 27. Nxc5
Qxc5 28. Qd2 Nb4 29. Ke2 f5 30. Bf3 e4 31. dxe4 fxe4 32. Bxe4 Re6 33. f3 Nd5
34. Bf2 Nf4+ 35. Kd1 Ra6 36. Qxd4 Rd6 37. Qxd6 Qxd6+ 38. Kc1 h6 39. Rd1 Qb4 40.
Kb1 a5 41. Rd4 Qb5 42. Rhd1 c5 43. Rd7 b6 44. Bg3 a4 45. Bxf4+ Rxf4 46. Rd8+
Kc7 47. Ra8 Rxe4 48. fxe4 Qe2 49. Rad8 Qxe4 50. R1d7+ Kc6 51. Rd6+ Kb5 52. Rxh6
Ka5 53. h4 b5 54. h5 b4 55. Rhd6 b3 56. Rd2 Kb4 57. Kc1 c4 58. c3+ Kc5 59.
R8d5+ Kc6 60. Rd6+ Kc7 61. h6 a3 62. Rd7+ Kc6 63. R7d6+ Kc7 64. Rd7+ 1/2-1/2

[Event "4NCL Division 4 South"]
[Site "Bedford, ENG"]
[Date "2019.01.12"]
[Round "3.55"]
[White "Friend, Paul T"]
[Black "Sloan, Hamish"]
[Result "1/2-1/2"]
[WhiteElo "1825"]
[BlackElo "1518"]
[PlyCount "44"]
[EventDate "2019.01.12"]
[WhiteTeam "Banbury Bulldogs"]
[BlackTeam "The Pitstop"]

1. Nc3 d5 2. e4 d4 3. Nce2 c5 4. Ng3 Nc6 5. Bc4 Ne5 6. Bb5+ Bd7 7. Bxd7+ Nxd7
8. f4 e5 9. fxe5 Nxe5 10. Nf3 Qc7 11. d3 Bd6 12. Nf5 Nxf3+ 13. Qxf3 Be5 14. g3
Ne7 15. Nxe7 Qxe7 16. Bf4 O-O 17. Bxe5 Qxe5 18. O-O Rae8 19. Qg4 Qe6 20. Qg5
Qe7 21. Qg4 Qe6 22. Qg5 Qe7 1/2-1/2

[Event "4NCL Division 4 South"]
[Site "Bedford, ENG"]
[Date "2019.01.12"]
[Round "3.56"]
[White "Fernando, Manel"]
[Black "Rumsby, Stephen"]
[Result "0-1"]
[WhiteElo "1515"]
[BlackElo "1570"]
[PlyCount "78"]
[EventDate "2019.01.12"]
[WhiteTeam "The Pitstop"]
[BlackTeam "Banbury Bulldogs"]

1. d4 Nf6 2. Nf3 g6 3. Bf4 Bg7 4. Nbd2 Nc6 5. e3 d6 6. Bd3 O-O 7. h3 Nd7 8. Bh2
e5 9. c3 Qe7 10. O-O f5 11. Bc2 e4 12. Ne1 Nf6 13. Kh1 b6 14. Rg1 Bb7 15. Bb3+
Kh8 16. Nf1 Nh5 17. Qd2 g5 18. Bd1 Qf7 19. Ng3 Nxg3+ 20. Bxg3 Ne7 21. f3 f4 22.
Bh2 Nd5 23. exf4 e3 24. Qe2 gxf4 25. Bb3 Qf5 26. Bc2 Qh5 27. Rf1 Rae8 28. Nd3
Qh6 29. Rad1 a5 30. a3 Bf6 31. c4 Ne7 32. Nxf4 Bg5 33. Nd3 Ng6 34. d5 Bc8 35.
Ne1 Nf4 36. Bxf4 Bxf4 37. Nd3 Bg3 38. f4 Bxh3 39. gxh3 Qxh3+ 0-1

[Event "4NCL Division 4 South"]
[Site "Bedford, ENG"]
[Date "2019.01.12"]
[Round "3.61"]
[White "See, Tristian"]
[Black "Wilks, Simon"]
[Result "0-1"]
[WhiteElo "1945"]
[BlackElo "2102"]
[PlyCount "132"]
[EventDate "2019.01.12"]
[WhiteTeam "Poisoned Pawns - Next Generation"]
[BlackTeam "All Anands on Deck"]

1. e4 e6 2. Nf3 d5 3. Nc3 Nf6 4. e5 Nfd7 5. d4 c5 6. Bf4 Nc6 7. dxc5 Bxc5 8.
Bd3 f6 9. Qe2 O-O 10. exf6 Nxf6 11. Bg5 Bd7 12. O-O a6 13. Bh4 Qe8 14. Ne5 Nxe5
15. Qxe5 Qb8 16. Qg5 h6 17. Qd2 Ng4 18. Bg3 Rxf2 19. Rxf2 Bxf2+ 20. Qxf2 Nxf2
21. Bxb8 Nxd3 22. Bd6 Nxb2 23. Rb1 Nc4 24. Rxb7 Nxd6 25. Rxd7 Nb5 26. Ne2 Rc8
27. Nf4 Rc7 28. Rd8+ Kf7 29. Ra8 Rc4 30. Nd3 Ra4 31. Nc5 Rxa2 32. Rxa6 Rxa6 33.
Nxa6 Nd4 34. Nb4 Ke7 35. Kf2 Kd6 36. Ke3 e5 37. g4 Kc5 38. Nd3+ Kd6 39. Nb4 Kc5
40. Nd3+ Kd6 41. Nb4 Nc6 42. Na6 Nd4 43. Nb4 Ne6 44. Nd3 Nc5 45. Ne1 d4+ 46.
Ke2 e4 47. Ng2 g5 48. Ne1 Ke5 49. Ng2 Nd7 50. h3 Nf6 51. Kf2 Nd5 52. Kg3 Nb4
53. Ne1 Kd5 54. Kf2 Kc4 55. Ke2 Kc3 56. Kd1 Nd5 57. Ng2 e3 58. h4 Nf6 59. hxg5
hxg5 60. Ne1 Nxg4 61. Nf3 Nf2+ 62. Ke2 g4 63. Ne1 Ne4 64. Ng2 Kxc2 65. Nxe3+
dxe3 66. Kxe3 Nf6 0-1

[Event "4NCL Division 4 South"]
[Site "Bedford, ENG"]
[Date "2019.01.12"]
[Round "3.62"]
[White "Penna, Tommaso"]
[Black "Trivedi, Aarnavh"]
[Result "1/2-1/2"]
[WhiteElo "2006"]
[BlackElo "1810"]
[PlyCount "81"]
[EventDate "2019.01.12"]
[WhiteTeam "All Anands on Deck"]
[BlackTeam "Poisoned Pawns - Next Generation"]

1. e4 c6 2. d4 d5 3. Nd2 dxe4 4. Nxe4 Bf5 5. Ng3 Bg6 6. h4 h6 7. Nf3 Nd7 8. h5
Bh7 9. Bd3 Bxd3 10. Qxd3 e6 11. Bd2 Qc7 12. O-O-O Ngf6 13. Ne4 O-O-O 14. Kb1
Nxe4 15. Qxe4 Nf6 16. Qe2 Bd6 17. c4 c5 18. Bc3 Qe7 19. Ne5 Rhf8 20. f4 cxd4
21. Bxd4 Bc5 22. Bxc5 Rxd1+ 23. Rxd1 Qxc5 24. g4 Qc7 25. g5 hxg5 26. fxg5 Nxh5
27. Rd7 Qc5 $11 28. Qe4 Qb6 29. c5 Qa6 $11 30. Qb4 Qf1+ 31. Kc2 Qg2+ 32. Rd2 a5
33. Qd4 Qd5 34. Qxd5 exd5 35. Rxd5 Nf4 36. Rd2 Ne6 37. g6 fxg6 38. Nxg6 Rd8 39.
Ne7+ Kc7 40. Rg2 Rd7 41. Nf5 1/2-1/2

[Event "4NCL Division 4 South"]
[Site "Bedford, ENG"]
[Date "2019.01.12"]
[Round "3.63"]
[White "Weersing, Abigail Riis"]
[Black "Jones, Tibor"]
[Result "0-1"]
[WhiteElo "1847"]
[BlackElo "1945"]
[PlyCount "82"]
[EventDate "2019.01.12"]
[WhiteTeam "Poisoned Pawns - Next Generation"]
[BlackTeam "All Anands on Deck"]

1. Nf3 d5 2. d4 Nf6 3. g3 Bg4 4. Bg2 c6 5. c4 e6 6. Bf4 Bd6 7. Ne5 Bf5 8. Nc3
h6 9. h3 Be7 10. O-O O-O 11. a3 a5 12. Qb3 Ra7 13. Rfd1 Nbd7 14. Rac1 Nxe5 15.
dxe5 Nd7 16. cxd5 Nc5 17. Qa2 exd5 18. e4 Bg6 19. exd5 Nd3 20. Rxd3 Bxd3 21.
Rd1 Ba6 22. dxc6 Qc8 23. Nd5 Qe6 24. Qb3 bxc6 25. Qb6 cxd5 26. Qxa7 Rd8 27.
Bxd5 Rxd5 28. Qa8+ Rd8 29. Rxd8+ Bxd8 30. Qxd8+ Kh7 31. Qxa5 Qc4 32. Qe1 Qb3
33. Qe4+ g6 34. Be3 Bb7 35. Qd4 Bd5 36. Kh2 Bc6 37. h4 Qc2 38. h5 Qb1 39. g4
Qh1+ 40. Kg3 Qf3+ 41. Kh2 Qg2# 0-1

[Event "4NCL Division 4 South"]
[Site "Bedford, ENG"]
[Date "2019.01.12"]
[Round "3.64"]
[White "Perez Fadon, Andres"]
[Black "Srivastava, Arnav"]
[Result "0-1"]
[WhiteElo "1742"]
[BlackElo "1802"]
[PlyCount "67"]
[EventDate "2019.01.12"]
[WhiteTeam "All Anands on Deck"]
[BlackTeam "Poisoned Pawns - Next Generation"]

1. d4 Nf6 2. Bg5 e6 3. e4 Be7 4. Bd3 d5 5. Bxf6 Bxf6 6. e5 Be7 7. f4 c5 8. c3
Nc6 9. Nf3 Bd7 10. Bc2 Qb6 11. b3 cxd4 12. Nxd4 Bc5 13. Nf3 Bf2+ 14. Kf1 Be3
15. g3 d4 16. c4 Nb4 17. Be4 Bc6 18. Bxc6+ Qxc6 19. Kg2 d3 20. Nc3 Rd8 21. a3
Nc2 22. Ra2 Bxf4 23. Qb1 Ne3+ 24. Kf2 Ng4+ 25. Kg2 Nxe5 26. Rf1 Bh6 27. Qe1 Ng4
28. Kg1 Qc5+ 29. Kh1 O-O 30. Ne4 Qc6 31. Ned2 Ne3 32. Rf2 e5 33. Kg1 e4 34. Nh4
0-1

[Event "4NCL Division 4 South"]
[Site "Bedford, ENG"]
[Date "2019.01.12"]
[Round "3.65"]
[White "Dharmasena, Gavith"]
[Black "Keetley, Peter"]
[Result "1-0"]
[WhiteElo "1825"]
[BlackElo "1712"]
[PlyCount "51"]
[EventDate "2019.01.12"]
[WhiteTeam "Poisoned Pawns - Next Generation"]
[BlackTeam "All Anands on Deck"]

1. e4 e5 2. Nf3 Nc6 3. Bc4 Bc5 4. c3 Nf6 5. d3 O-O 6. O-O Re8 7. Nbd2 a6 8. a4
d5 9. exd5 Nxd5 10. Ne4 Be7 11. Nfg5 h6 12. Nf3 Bg4 13. h3 Bh5 14. Ng3 Bg6 15.
Re1 Nb6 16. Bb3 Qxd3 17. Qxd3 Bxd3 18. Nxe5 Nxe5 19. Rxe5 Bd6 20. Re3 Bxg3 21.
Rxg3 Re1+ 22. Kh2 Bg6 23. Rxg6 Nxa4 24. Rxa4 Kf8 25. Rg3 Rxc1 26. Rag4 1-0

[Event "4NCL Division 4 South"]
[Site "Bedford, ENG"]
[Date "2019.01.12"]
[Round "3.66"]
[White "Napolitano, Domenico"]
[Black "Weersing, Sarah"]
[Result "1/2-1/2"]
[WhiteElo "1472"]
[BlackElo "1772"]
[PlyCount "98"]
[EventDate "2019.01.12"]
[WhiteTeam "All Anands on Deck"]
[BlackTeam "Poisoned Pawns - Next Generation"]

1. e4 e6 2. Qe2 c5 3. g3 Nc6 4. c3 g6 5. Bg2 Bg7 6. f4 Nge7 7. Nf3 O-O 8. O-O
b6 9. d3 Ba6 10. Be3 Qc7 11. Nbd2 Rac8 12. Rad1 d6 13. Ne1 f5 14. Qf3 e5 15.
Rf2 fxe4 16. Qxe4 d5 17. Qa4 Bb7 18. Rf1 d4 19. cxd4 exd4 20. Bf2 Kh8 21. Nef3
Nf5 22. Bh3 Rce8 23. Bxf5 Rxf5 24. Rde1 Rff8 25. Rxe8 Rxe8 26. Re1 Rxe1+ 27.
Bxe1 Qe7 28. Ne4 Ba8 29. Qa6 Bb7 30. Qa4 a6 31. Qb3 b5 32. Qa3 Nb8 33. Nfd2 Nd7
34. Kf2 Bf8 35. b3 Nf6 36. Nxf6 Qxf6 37. Qc1 Qf5 38. Qc2 Qh3 39. Nf3 Qh5 40.
Nh4 g5 41. fxg5 Qxg5 42. Qd2 Bh6 43. Qxg5 Bxg5 44. Nf3 Be3+ 45. Ke2 Kg7 46. Ba5
Bc1 47. Bb6 Ba3 48. Ne5 Bc8 49. Nf3 Kf6 1/2-1/2

[Event "4NCL Division 4 South"]
[Site "Bedford, ENG"]
[Date "2019.01.12"]
[Round "3.71"]
[White "Hurney, Kevin"]
[Black "Paterson, Andrew I"]
[Result "0-1"]
[WhiteElo "2147"]
[BlackElo "2050"]
[PlyCount "60"]
[EventDate "2019.01.12"]
[WhiteTeam "Shropshire 2"]
[BlackTeam "Warwickshire Select 2"]

1. e4 c5 2. Nf3 Nc6 3. d4 cxd4 4. Nxd4 e5 5. Nb5 d6 6. N1c3 a6 7. Na3 Be7 8.
Nd5 Nf6 9. Nxf6+ Bxf6 10. Nc4 O-O 11. c3 b5 12. Ne3 Bg5 13. Be2 Ne7 14. h4 Bf4
15. g3 Bxe3 16. Bxe3 Bb7 17. Qd3 f5 18. f3 Qc7 19. O-O-O d5 20. exf5 d4 21. Bd2
Nxf5 22. Rhg1 Rac8 23. Kb1 Bd5 24. cxd4 Bc4 25. Qe4 Bxe2 26. Qxe2 Nxd4 27. Qe4
Nxf3 28. Rg2 Qd6 29. Rf2 Nxd2+ 30. Rfxd2 Qxd2 0-1

[Event "4NCL Division 4 South"]
[Site "Bedford, ENG"]
[Date "2019.01.12"]
[Round "3.72"]
[White "Baruch, Andrew J D"]
[Black "Paul, Nathanael"]
[Result "1/2-1/2"]
[WhiteElo "2087"]
[BlackElo "2050"]
[PlyCount "79"]
[EventDate "2019.01.12"]
[WhiteTeam "Warwickshire Select 2"]
[BlackTeam "Shropshire 2"]

1. g3 d5 2. c4 c6 3. Bg2 Nf6 4. Nf3 Bf5 5. b3 e6 6. Bb2 h6 7. O-O Be7 8. d3 O-O
9. Nbd2 Nbd7 10. Rc1 Bh7 11. a3 Qb8 12. b4 a5 13. Qb3 Rc8 14. cxd5 cxd5 15.
Rxc8+ Qxc8 16. Rc1 Qf8 17. bxa5 Rxa5 18. Qxb7 Nc5 19. Qb6 Ra6 20. Qb5 Ra7 21.
Bd4 Nfd7 22. Ne5 Nxe5 23. Bxc5 Bxc5 24. Qxc5 Rxa3 25. Qxa3 Qxa3 26. Rc8+ Qf8
27. Rxf8+ Kxf8 28. f4 Nc6 $11 29. Nb3 Bg6 30. Kf2 f6 31. Ke3 Ke7 32. Nd4 Nxd4
33. Kxd4 Kd6 34. e3 $11 Be8 35. Kc3 g5 36. d4 gxf4 37. gxf4 Bc6 $11 38. Kb4 Be8
39. Bf3 Bg6 40. Bg4 1/2-1/2

[Event "4NCL Division 4 South"]
[Site "Bedford, ENG"]
[Date "2019.01.12"]
[Round "3.73"]
[White "Jamieson, Ian"]
[Black "Cooper, David M"]
[Result "1/2-1/2"]
[WhiteElo "2065"]
[BlackElo "2029"]
[PlyCount "52"]
[EventDate "2019.01.12"]
[WhiteTeam "Shropshire 2"]
[BlackTeam "Warwickshire Select 2"]

1. f4 d5 2. Nf3 Nf6 3. g3 g6 4. Bg2 Bg7 5. O-O O-O 6. d3 c5 7. c3 Nc6 8. Na3 a6
9. Qa4 Qa5 10. Qxa5 Nxa5 11. Ne5 Be6 12. e4 dxe4 13. dxe4 Nd7 14. Nxd7 Bxd7 15.
Be3 Rac8 16. Rfd1 Be6 17. e5 f6 18. exf6 Bxf6 19. Bd5 Kf7 20. Rd2 b5 21. Rad1
b4 22. Nb1 Nc4 23. Bxe6+ Kxe6 24. Re2 Nxe3 25. Rxe3+ Kf7 26. Kf1 Rb8 1/2-1/2

[Event "4NCL Division 4 South"]
[Site "Bedford, ENG"]
[Date "2019.01.12"]
[Round "3.74"]
[White "Cundy, Mark A"]
[Black "Portman, Carl S"]
[Result "1/2-1/2"]
[WhiteElo "1864"]
[BlackElo "1967"]
[PlyCount "36"]
[EventDate "2019.01.12"]
[WhiteTeam "Warwickshire Select 2"]
[BlackTeam "Shropshire 2"]

1. e4 c6 2. d4 d5 3. exd5 cxd5 4. c4 Nf6 5. Nc3 Nc6 6. Bg5 e6 7. c5 h6 8. Bf4
g5 9. Bg3 Ne4 10. Bb5 Qa5 11. Nge2 Nxg3 12. hxg3 Bg7 13. a3 Bd7 14. b4 Qd8 15.
O-O Qf6 16. Bxc6 bxc6 17. Qd2 h5 18. Qe3 Kf8 1/2-1/2

[Event "4NCL Division 4 South"]
[Site "Bedford, ENG"]
[Date "2019.01.12"]
[Round "3.75"]
[White "Bull, Philip"]
[Black "Sandhu, Manvith"]
[Result "0-1"]
[WhiteElo "1952"]
[BlackElo "1645"]
[PlyCount "66"]
[EventDate "2019.01.12"]
[WhiteTeam "Shropshire 2"]
[BlackTeam "Warwickshire Select 2"]

1. d4 d5 2. f4 Nf6 3. e3 Bf5 4. Bd3 Bxd3 5. cxd3 e6 6. Qb3 Qc8 7. Nf3 Nbd7 8.
O-O c5 9. Bd2 Qb8 10. Na3 cxd4 11. Nxd4 Bc5 12. Bc3 O-O 13. Rae1 a6 14. Nb1 b5
15. a3 Re8 16. Nc6 Qb6 17. Nd4 Rac8 18. Rf3 e5 19. fxe5 Nxe5 20. Rg3 Nxd3 21.
Rd1 Ne5 22. Nf5 g6 23. Nh6+ Kf8 24. Bb4 a5 25. Bxc5+ Qxc5 26. Nc3 Nc4 27. Qxb5
Qxb5 28. Nxb5 Rxe3 29. Nd6 Rxg3 30. Nxc8 Rb3 31. h3 Rxb2 32. g4 Ne4 33. Rxd5
Ne3 0-1

[Event "4NCL Division 4 South"]
[Site "Bedford, ENG"]
[Date "2019.01.12"]
[Round "3.76"]
[White "Monga, Kanav"]
[Black "Clarke, Neil"]
[Result "0-1"]
[WhiteElo "1337"]
[BlackElo "1960"]
[PlyCount "74"]
[EventDate "2019.01.12"]
[WhiteTeam "Warwickshire Select 2"]
[BlackTeam "Shropshire 2"]

1. d4 e6 2. Bf4 f5 3. Nd2 Nf6 4. e3 b6 5. c3 Bb7 6. Ngf3 Be7 7. Bd3 d5 8. Ne5
Nbd7 9. Ndf3 Nxe5 10. Nxe5 O-O 11. Qe2 c5 12. O-O Nd7 13. Rad1 Nxe5 14. dxe5
Qe8 15. Bb5 Qf7 16. Qf3 Kh8 17. Bc4 g5 18. Bxg5 Bxg5 19. Bd3 Qg7 20. Qg3 Rg8
21. Qh3 Be7 22. Be2 Qxe5 23. f4 Qf6 24. Qh5 Rg7 25. Bf3 Rag8 26. c4 Ba6 27. Rf2
Bxc4 28. b3 Bb5 29. a4 Ba6 30. Kh1 Rg6 31. Be2 Bb7 32. Re1 Qg7 33. Rg1 Rh6 34.
Qf3 Bh4 35. Rff1 Bg3 36. h3 d4 37. e4 Bxe4 0-1

[Event "4NCL Division 4 South"]
[Site "Bedford, ENG"]
[Date "2019.01.12"]
[Round "3.81"]
[White "Lewis, Christopher D"]
[Black "Valentine, Brian J"]
[Result "1/2-1/2"]
[WhiteElo "1900"]
[BlackElo "1961"]
[PlyCount "83"]
[EventDate "2019.01.12"]
[WhiteTeam "Shropshire 3"]
[BlackTeam "MK Phoenix 2"]

1. e4 e5 2. Nf3 Nc6 3. Bc4 Bc5 4. d3 d6 5. c3 Nf6 6. O-O a6 7. d4 Ba7 8. d5 Ne7
9. Re1 Ng6 10. Nbd2 Ng4 11. Rf1 O-O 12. h3 Nf6 13. Re1 Ne8 14. Bd3 Nf4 15. Nf1
Nxd3 16. Qxd3 f5 17. exf5 Bxf5 18. Qe2 Nf6 19. Ng3 Bd7 20. Qd3 Qe8 21. Ng5 h6
22. N5e4 Nxe4 23. Nxe4 Qg6 24. Kh1 Bf5 25. f3 Rf7 26. Bd2 Raf8 27. Rf1 Qh5 28.
Kh2 Qg6 29. Rae1 h5 30. Re2 h4 31. Be1 Qh5 32. Bf2 Bxf2 33. Rfxf2 Qg6 34. Qe3
Bxe4 35. Qxe4 Qg3+ 36. Kh1 Rf4 37. Qc2 R8f7 38. Rf1 b6 39. Qd3 a5 40. Re4 Qg6
41. Kg1 Qf5 42. Qe2 1/2-1/2

[Event "4NCL Division 4 South"]
[Site "Bedford, ENG"]
[Date "2019.01.12"]
[Round "3.82"]
[White "Williamson, Kevin J"]
[Black "Taylor, Alex B"]
[Result "1/2-1/2"]
[WhiteElo "1867"]
[BlackElo "1877"]
[PlyCount "94"]
[EventDate "2019.01.12"]
[WhiteTeam "MK Phoenix 2"]
[BlackTeam "Shropshire 3"]

1. d4 Nf6 2. Nc3 g6 3. e4 d6 4. Bc4 Bg7 5. Qe2 Nc6 6. e5 dxe5 7. dxe5 Nd4 8.
Qd1 Bf5 9. Bd3 Nd5 10. f4 Bxd3 11. cxd3 O-O 12. Nf3 Nb4 13. Rb1 Nxf3+ 14. Qxf3
Qxd3 15. Qxb7 Nxa2 16. Qd5 Qxd5 17. Nxd5 e6 18. Ne7+ Kh8 19. Nc6 Nxc1 20. Rxc1
f6 21. Nd4 Rfe8 22. Nf3 fxe5 23. fxe5 Reb8 24. Rxc7 Rxb2 25. O-O Bh6 26. h4
Rab8 27. Kh2 R2b7 28. Rc6 Rb6 29. Rc7 R6b7 30. Rc6 Re8 31. Nd4 Bg7 32. Nf3 Kg8
33. Ra1 Rb5 34. Rxa7 Bxe5+ 35. Nxe5 Rxe5 36. Rcc7 Rh5 37. Kh3 g5 38. Rg7+ Kh8
39. Rxg5 Rxg5 40. hxg5 e5 41. Kg4 e4 42. Ra2 Kg7 43. Kf4 e3 44. Re2 $11 Kg6 45.
Rxe3 Rxe3 46. Kxe3 Kxg5 47. Kf3 Kf5 1/2-1/2

[Event "4NCL Division 4 South"]
[Site "Bedford, ENG"]
[Date "2019.01.12"]
[Round "3.83"]
[White "Tarr, Steve F"]
[Black "Matthews, Adrian M S"]
[Result "0-1"]
[WhiteElo "1795"]
[BlackElo "1809"]
[PlyCount "72"]
[EventDate "2019.01.12"]
[WhiteTeam "Shropshire 3"]
[BlackTeam "MK Phoenix 2"]

1. d4 Nf6 2. Bf4 c5 3. e3 d5 4. c3 e6 5. Nd2 Bd6 6. Bg3 O-O 7. Ngf3 Nc6 8. Ne5
Bxe5 9. dxe5 Nd7 10. Nf3 f5 11. exf6 Qxf6 12. Bh4 Qh6 13. Bg5 Qh5 14. h4 Qf7
15. Bf4 Nde5 16. Nxe5 Nxe5 17. f3 Nd7 18. Bd6 Re8 19. Bb5 b6 20. Bc6 Ba6 21.
Bxa8 Rxa8 22. Qa4 Bd3 23. Rd1 c4 24. Qc6 Re8 25. Qc7 Nf6 26. Qxf7+ Kxf7 27. Be5
Nd7 28. Bg3 Nc5 29. Bd6 Na4 30. Rd2 Rd8 31. Be5 Nc5 32. Rh3 Bb1 33. Rg3 Rg8 34.
Rd4 Nd3+ 35. Kd2 Nxe5 36. e4 Nc6 0-1

[Event "4NCL Division 4 South"]
[Site "Bedford, ENG"]
[Date "2019.01.12"]
[Round "3.84"]
[White "Obi, Marc On"]
[Black "Ross, Stuart"]
[Result "1-0"]
[WhiteElo "1835"]
[BlackElo "1712"]
[PlyCount "29"]
[EventDate "2019.01.12"]
[WhiteTeam "MK Phoenix 2"]
[BlackTeam "Shropshire 3"]

1. d4 Nf6 2. c4 e6 3. Nf3 b6 4. g3 Ba6 5. Qc2 Bb7 6. Nc3 c5 7. Bg2 Be7 8. O-O
O-O 9. Bf4 d5 10. Rfd1 Nh5 11. Be3 Qc7 12. cxd5 cxd4 13. Nxd4 e5 14. d6 Bxd6
15. Ndb5 1-0

[Event "4NCL Division 4 South"]
[Site "Bedford, ENG"]
[Date "2019.01.12"]
[Round "3.85"]
[White "Raghaven, Rajeev P"]
[Black "Miller, Max C"]
[Result "0-1"]
[WhiteElo "1592"]
[BlackElo "1697"]
[PlyCount "71"]
[EventDate "2019.01.12"]
[WhiteTeam "Shropshire 3"]
[BlackTeam "MK Phoenix 2"]

1. Nf3 Nf6 2. d4 e6 3. Bf4 c5 4. c3 Qb6 5. Qb3 Qxb3 6. axb3 b6 7. e3 Nc6 8. Na3
Na5 9. Nb5 Nd5 10. dxc5 Nxb3 11. Rxa7 Rxa7 12. Nxa7 Bb7 13. cxb6 Nxf4 14. exf4
Bxf3 15. gxf3 Bc5 16. Nc8 Kd8 17. Ba6 f5 18. Ke2 Rf8 19. Rd1 d5 20. Na7 Bxb6
21. Nc6+ Kc7 22. Ne5 Ra8 23. Bb5 Ra2 24. Rb1 Ba5 25. Kd1 Bb6 26. Kc2 Na1+ 27.
Kd1 Bxf2 28. Nd3 Bb6 29. Nc1 Ra5 30. Bd3 Be3 31. b4 Ra3 32. Ne2 Ra2 33. Bb5
Rd2+ 34. Ke1 Nc2+ 35. Kf1 Na3 36. c4 0-1